Competidores FMS Argentina Temporada 1 - Estadísticas

Estadísticas generales
  • Esta prueba ha sido intentada 383 veces
  • La puntuación promedio es 9 de 10
Estadísticas de respuestas
Hint Respuesta % Correcto
. Papo
98%
. Trueno
98%
. Wos
98%
. Dtoke
92%
. Mks
91%
. Cacha
90%
. Klan
89%
. Dani
88%
. Replik
87%
. Stuart
87%
No se encontraron pruebas coincidentes
Distribución de puntuación
Porcentaje de gente con cada puntuación
Porcentaje por número respondido
Historial de tus puntuaciones
No has intentado esta prueba.